000 004810000a22001930004500
001 004430
003 MACL
005 20150729123256.0
008 150729b xxu||||| |||| 00| 0 eng d
040 _aMACL
_cMACL
041 _aEnglish
082 _a339/DRA
100 _aDrazan, Allan
_93113
245 _aPolitical Economy In Macroeconomics
_cAllan Drazan
260 _aNew Delhi
_c2004
_bOrient Long Man,
350 _a595
650 _aEconomics
_93114
942 _k339
_cBK
_2ddc
999 _c16319
_d16319